| 000 | 00420nam a2200181Ia 4500 | ||
|---|---|---|---|
| 001 | 14519 | ||
| 005 | 20260306164920.0 | ||
| 008 | 260306t1999||||xx |||||||||||||| ||spa|| | ||
| 041 | _aESP | ||
| 082 |
_a515.15 _bL25 V. 1 1999 |
||
| 100 |
_aLarson, Ronald E. _eAUT |
||
| 245 | 0 |
_aCálculo: _by geometría analítica |
|
| 260 | _c1999 | ||
| 300 |
_a _c |
||
| 650 | _aGEN | ||
| 654 | _aCMA | ||
| 942 |
_cLIB _dJUS _fJUS _2ddc _n |
||
| 999 |
_c14519 _d14519 |
||